000 00656nam a2200229Ia 4500
003 OSt
005 20230511091557.0
008 210423s2012 xx 000 0 und d
020 _a978-0-85702-746-7
040 _cAL
041 _aeng
082 _a150.72 SULD
100 _aSULLIVAN ( Cath);GIBSON ( Stephen);RILEY ( Sarah )
_9102109
245 _aDoing your qualitative psychology project
260 _aNew Delhi
_bSage Publications
_c2012
300 _ax,222p
_bPB
365 _b2494.42
_cINR
650 _aPsychology
_9102110
650 _aPsychology
_9102110
906 _aDoing ; project ; psychology ; qualitative ; your
942 _2ddc
_cBK
999 _c165784
_d165784